Capitals of Territories - Statistics

General Stats
  • This quiz has been taken 36 times
    30 since last reset
  • The average score is 30 of 50
Answer Stats
Territory Administered By Capital % Correct
Isle of Man United KIngdom Douglas
89%
Gibraltar United Kingdom Gibraltar
89%
Greenland Denmark Nuuk
89%
Puerto Rico United States San Juan
89%
French Guiana France Cayenne
84%
Guam United States Hagåtña
79%
Svalbard Norway Longyearbyen
79%
American Samoa United States Pago Pago
79%
Falkland Islands United Kingdom Stanley
79%
Akrotiri and Dhekelia United Kingdom Episkopi Cantonment
74%
Aruba Netherlands Oranjestad
74%
Sint Eustatius Netherlands Oranjestad
74%
New Caledonia France Noumea
68%
French Polynesia France Papeete
68%
British Virgin Islands United Kingdom Road Town
68%
St. Pierre and Miquelon France St. Pierre
68%
Curaçao Netherlands Willemstad
68%
Montserrat United Kingdom Brades
63%
U.S. Virgin Islands United States Charlotte Amalie
63%
Turks and Caicos Islands United Kingdom Cockburn Town
63%
Tristan da Cunha United Kingdom Edinburgh of the Seven Seas
63%
Bermuda United Kingdom Hamilton
63%
Réunion France St.-Denis
63%
Jersey United Kingdom St. Helier
63%
Anguilla United Kingdom The Valley
63%
Faroe Islands Denmark Tórshavn
63%
Pitcairn Islands United Kingdom Adamstown
58%
Niue New Zealand Alofi
58%
Northern Mariana Islands United States Capitol Hill, Saipan
58%
Martinique France Fort-de-France
58%
Guernsey United Kingdom St. Peter Port
58%
Cook Islands New Zealand Avarua
53%
British Indian Ocean Territory United Kingdom Camp Thunder Cove
53%
Christmas Island Australia Flying Fish Cove
53%
Ascension Island United Kingdom Georgetown
53%
Cayman Islands United Kingdom George Town
53%
South Georgia and the SouthSandwich Islands United Kingdom Grytviken
53%
St. Barthélemy France Gustavia
53%
St. Helena United Kingdom Jamestown
47%
Bonaire Netherlands Kralendijk
47%
Saba Netherlands The Bottom
47%
Guadeloupe France Basse-Terre
42%
Norfolk Island Australia Kingston
42%
Mayotte France Mamoudzou
42%
Wallis and Futuna France Mata Utu
42%
Sint Maarten Netherlands Philipsburg
42%
Cocos (Keeling) Islands Australia West Island
42%
St. Martin France Marigot
37%
French Southern and Antarctic Lands France St. Pierre, Réunion
37%
Tokelau New Zealand Atafu
21%
No matching quizzes found
Score Distribution
Percent of People with Each Score
Percentile by Number Answered
Your Score History
You have not taken this quiz since the last reset